Pays enclavés d'Asie - Statistiques

Statistiques générales
  • Ce quiz a été pris 131 fois
  • Le résultat moyen est 11 sur 12
Statistiques - réponses
Pays % Correct
Népal
97%
Bhoutan
94%
Mongolie
94%
Kazakhstan
93%
Tadjikistan
93%
Kirghizistan
91%
Turkménistan
89%
Laos
88%
Ouzbékistan
88%
Afghanistan
86%
Arménie
84%
Azerbaïdjan
82%
Aucun quiz correspondant
Distribution des résultats
% des personnes avec chaque résultat
Percentile par nombre de réponses
Votre historique - résultats
Vous n’avez pas pris ce quiz